000 00362nam a2200145Ia 4500
008 230917s9999||||xx |||||||||||||| ||und||
040 _e128690
_aMAIN
041 _aEnglish
082 _a620.1064 C392F
100 _aChattopadhyay, P
245 0 _aFlowmeters and flow measurement
260 _aNew Delhi
_bAsian Books
_c2006
300 _a437 p.
942 _cBK
999 _c136299
_d136299